| 000 | 00864nam a2200265 i 4500 | ||
|---|---|---|---|
| 001 | bg | ||
| 003 | BPK | ||
| 005 | 20200317081426.0 | ||
| 008 | 030818s1975 pl a f f |000 0 pol | ||
| 015 | _aPB 1975/4399 | ||
| 035 | _a(OCoLC)830516937 | ||
| 040 |
_aWA N _cWA N |
||
| 041 | 0 | _apol | |
| 080 | _a744:621 | ||
| 100 | 1 |
_aDobrzański, Tadeusz _eAutor |
|
| 245 | 1 | 0 |
_aRysunek techniczny / _cTadeusz Dobrzański. |
| 250 | _aWyd. 15 przer. | ||
| 260 |
_aWarszawa : _bWydawnictwa Naukowo-Techniczne, _c1975 _e(Bytom : _fDruk. Tech.). |
||
| 300 |
_a210, [2] s. : _bil., tab. ; _c25 cm. |
||
| 650 | 4 |
_aMaszyny _xrysunek techniczny. |
|
| 655 | 4 | _aPodręcznik | |
| 710 | 2 |
_aWydawnictwa Naukowo-Techniczne _4pbl. |
|
| 856 |
_uhttp://koha.tu.koszalin.pl/cgi-bin/koha/opac-detail.pl?biblionumber=4880 _yKatalog online BPK |
||
| 942 |
_2UKD _cKS |
||
| 999 |
_c4880 _d4880 |
||